000 00600nam a22001817a 4500
005 20251108170122.0
008 250721s1983 xx 000 0 ara d
082 1 4 _aم/216.91/يعل
100 1 _aأبو يعلى ...، محمد بن الحسين بن محمد ...
245 1 0 _aالأحكام السلطانية /
264 1 _aبيروت :
_bدار الكتب العلمية،
_c1983.
300 _a333ص
650 1 7 _aالفقه الإسلامي
650 1 7 _aالأحكام السلطانية
700 1 _aالفقي، محمد حامد
_eتحقيق
942 _2ddc
_cREF
999 _c40201
_d40201